Uschebti : agyptische Dienerfiguren einer deutschen Privatsammlung /
محفوظ في:
المؤلف الرئيسي:
مؤلفون آخرون: ,
التنسيق: كتاب
اللغة: German
منشور في:
Kempen :
Papyrus Digitaldruck,
2005.
الموضوعات:
الوسوم: إضافة وسم
لا توجد وسوم, كن أول من يضع وسما على هذه التسجيلة!
رقم الطلب: DT62 .U84 D435 2005
| LEADER | 01242namaa2200313 4500 | ||
|---|---|---|---|
| 001 | 23268 | ||
| 003 | OSt | ||
| 005 | 20220302065910.0 | ||
| 008 | 130303s2005 gw ab g b 000 0 ger d | ||
| 952 | |0 0 |1 0 |2 lcc |4 0 |6 DT0062 U84 D435 02005 |7 1 |9 38042 |a ARCE |b ARCE |d 2022-03-02 |l 0 |o DT62 .U84 D435 2005 |p 1006023 |r 2022-03-02 00:00:00 |w 2022-03-02 |y BK | ||
| 999 | |c 20516 |d 20516 | ||
| 020 | |a 9783000142864 | ||
| 040 | |c ARCE Library | ||
| 043 | |a f-ua--- | ||
| 050 | 4 | |a DT62 .U84 D435 2005 | |
| 100 | 1 | |a Decker, Stefan, |e author | |
| 245 | 1 | 0 | |a Uschebti : |b agyptische Dienerfiguren einer deutschen Privatsammlung / |c von Stefan Decker ; mit Unterstützung der Ägyptologin Katharina Stegbauer und des Ägyptologen Alexander Schütze. |
| 264 | 1 | |a Kempen : |b Papyrus Digitaldruck, |c 2005. | |
| 300 | |a 142 pages : |b illustrations (some color), map ; |c 26 cm. | ||
| 504 | |a Includes bibliographical references (p. 138-139). | ||
| 555 | |a https://catalog.lib.uchicago.edu/vufind/Record/6826303/Details#tabnav | ||
| 555 | |a shimaa | ||
| 650 | 0 | |a Ushabti. | |
| 650 | 0 | |a Terra-cotta sculpture, Egyptian. | |
| 651 | 0 | |a Egypt |x Antiquities. | |
| 700 | 1 | |a Stegbauer, Katharina. |9 40471 | |
| 700 | 1 | |a Schütze, Alexander. | |
| 901 | |a reviewed | ||
| 942 | |c BK |2 lcc | ||
